| 000 | 01709nam a2200385 a 4500 | ||
|---|---|---|---|
| 999 |
_c145312 _d145312 |
||
| 003 | BLK | ||
| 005 | 20250329150529.0 | ||
| 008 | 180410b bul|||||r ||||||| ||bul|| | ||
| 010 | _aKNG00151485000 | ||
| 040 | _aBLK | ||
| 041 |
_aBUL _cBUL |
||
| 080 |
_aФренска литература _b821.133.1 _x-93-31 _z821.133.1-93-31 |
||
| 100 | 1 |
_aРенар, Жул _eпърви автор _9328645 |
|
| 139 |
_aРенар, Жул _bР 52 |
||
| 245 | 1 | 0 |
_aЧервенокосото _bРоман за деца _cЖул Ренар; прев. от фр. с послесл. Мария Атанасова Далчева; худож. Кирил Петров Мавров; * Киро Мавров. |
| 257 | _aFRA | ||
| 260 |
_aСофия _bОтечество _c1985 |
||
| 300 |
_a159 с. _bс ил., 1 портр. _c21 см |
||
| 380 | _aDX | ||
| 490 |
_aИзбрани книги за деца и юноши _9202174 |
||
| 500 | _aОриг. загл. Poil de carotte. - В кн. ил. означен Киро Мавров. - 23 000 тир. | ||
| 653 | _aдетска литература | ||
| 653 | _aлитература за деца | ||
| 653 | _aромани | ||
| 700 | 1 |
_aДалчева, Мария Атанасова _d1940-2021 _gПреводач от/на френски език. _958133 |
|
| 700 | 1 |
_aМавров, Кирил Петров _eхудож. _9328646 |
|
| 700 | 1 |
_aМавров, Киро _e* _9377571 |
|
| 852 | _aЦб 262632 | ||
| 856 | 4 |
_qpdf _i0.70 _ldisable |
|
| 856 | 4 |
_qpdf _i0.70 _ldisable |
|
| 942 |
_cKNG _n0 _s1 |
||
| 944 |
_aCR _c07.10.2013 _lГеновева Генчева _k30560 |
||
| 944 |
_aED _c07.10.2013 _l07.10.2013 - от С1,Р / 07.10.2013 |
||
| 999 | _d145312 | ||